<?xml version="1.0" encoding="UTF-8"?>
<record
    xmlns:xsi="http://www.w3.org/2001/XMLSchema-instance"
    xsi:schemaLocation="http://www.loc.gov/MARC21/slim http://www.loc.gov/standards/marcxml/schema/MARC21slim.xsd"
    xmlns="http://www.loc.gov/MARC21/slim">

  <leader>01156nam a22002657a 4500</leader>
  <controlfield tag="001">77623</controlfield>
  <controlfield tag="003">BD-RjUL</controlfield>
  <controlfield tag="005">20211209083013.0</controlfield>
  <controlfield tag="008">201210s2020    bg a|||| |||| 00| 0 ben d</controlfield>
  <datafield tag="035" ind1=" " ind2=" ">
    <subfield code="a">(BD-RjUL)77849</subfield>
  </datafield>
  <datafield tag="040" ind1=" " ind2=" ">
    <subfield code="a">BD-RjUL</subfield>
    <subfield code="b">eng</subfield>
    <subfield code="c">BD-RjUL</subfield>
  </datafield>
  <datafield tag="041" ind1=" " ind2=" ">
    <subfield code="a">eng</subfield>
  </datafield>
  <datafield tag="082" ind1=" " ind2=" ">
    <subfield code="2">23</subfield>
    <subfield code="a">378.198</subfield>
    <subfield code="b">HAL 2020</subfield>
  </datafield>
  <datafield tag="245" ind1="1" ind2="0">
    <subfield code="a">&#x9B9;&#x9B2; &#x9AA;&#x9B0;&#x9BF;&#x99A;&#x9BF;&#x9A4;&#x9BF; /</subfield>
    <subfield code="c">&#x9B8;&#x9AE;&#x9CD;&#x9AA;&#x9BE;&#x9A6;&#x995;, &#x986;&#x9A8;&#x9A8;&#x9CD;&#x9A6; &#x995;&#x9C1;&#x9AE;&#x9BE;&#x9B0; &#x9B8;&#x9BE;&#x9B9;&#x9BE;; &#x9B8;&#x9B9;&#x9AF;&#x9CB;&#x997;&#x9C0; &#x9B8;&#x9AE;&#x9CD;&#x9AA;&#x9BE;&#x9A6;&#x995; &#x9AE;&#x9CB;. &#x9AC;&#x9A8;&#x9BF; &#x986;&#x9A6;&#x9AE; </subfield>
  </datafield>
  <datafield tag="260" ind1=" " ind2=" ">
    <subfield code="a">&#x9B0;&#x9BE;&#x99C;&#x9B6;&#x9BE;&#x9B9;&#x9C0; : </subfield>
    <subfield code="b">&#x9B0;&#x9BE;&#x99C;&#x9B6;&#x9BE;&#x9B9;&#x9C0; &#x9AC;&#x9BF;&#x9B6;&#x9CD;&#x9AC;&#x9AC;&#x9BF;&#x9A6;&#x9CD;&#x9AF;&#x9BE;&#x9B2;&#x9AF;&#x9BC;, </subfield>
    <subfield code="c">&#x9E8;&#x9E6;&#x9E8;&#x9E6;</subfield>
  </datafield>
  <datafield tag="300" ind1=" " ind2=" ">
    <subfield code="a">&#x9ED;&#x9EF; &#x9AA;&#x9C3;.:</subfield>
    <subfield code="b">&#x99A;&#x9BF;&#x9A4;&#x9CD;&#x9B0;;</subfield>
    <subfield code="c">&#x9E8;&#x9EB; &#x9B8;&#x9C7;&#x9AE;&#x9BF;.</subfield>
  </datafield>
  <datafield tag="650" ind1=" " ind2=" ">
    <subfield code="a">&#x9B9;&#x9B2; (&#x99B;&#x9BE;&#x9A4;&#x9CD;&#x9B0;/&#x99B;&#x9BE;&#x9A4;&#x9CD;&#x9B0;&#x9BF; &#x986;&#x9AC;&#x9BE;&#x9B8;&#x9A8; )</subfield>
    <subfield code="9">242489</subfield>
  </datafield>
  <datafield tag="650" ind1=" " ind2=" ">
    <subfield code="a">Hall (Student Accommodation)</subfield>
    <subfield code="9">242497</subfield>
  </datafield>
  <datafield tag="650" ind1=" " ind2=" ">
    <subfield code="a">Student housing</subfield>
    <subfield code="9">242500</subfield>
  </datafield>
  <datafield tag="650" ind1=" " ind2=" ">
    <subfield code="a">&#x986;&#x9AC;&#x9BE;&#x9B8;&#x9BF;&#x995; &#x9B8;&#x9B9;&#x9BE;&#x9AF;&#x9BC;&#x995; (&#x9A1;&#x9B0;&#x9AE;&#x9C7;&#x99F;&#x9B0;&#x9BF;&#x99C;)</subfield>
    <subfield code="9">242490</subfield>
  </datafield>
  <datafield tag="650" ind1=" " ind2=" ">
    <subfield code="a">Resident assistants (Dormitories)</subfield>
    <subfield code="9">242491</subfield>
  </datafield>
  <datafield tag="700" ind1=" " ind2=" ">
    <subfield code="a">&#x9B8;&#x9BE;&#x9B9;&#x9BE;, &#x986;&#x9A8;&#x9A8;&#x9CD;&#x9A6; &#x995;&#x9C1;&#x9AE;&#x9BE;&#x9B0;</subfield>
    <subfield code="9">242501</subfield>
  </datafield>
  <datafield tag="700" ind1=" " ind2=" ">
    <subfield code="a">&#x986;&#x9A6;&#x9AE;, &#x9AE;&#x9CB;. &#x9AC;&#x9A8;&#x9BF;</subfield>
    <subfield code="9">232459</subfield>
  </datafield>
  <datafield tag="942" ind1=" " ind2=" ">
    <subfield code="2">ddc</subfield>
    <subfield code="c">BK</subfield>
  </datafield>
  <datafield tag="999" ind1=" " ind2=" ">
    <subfield code="c">77623</subfield>
    <subfield code="d">77623</subfield>
  </datafield>
  <datafield tag="952" ind1=" " ind2=" ">
    <subfield code="0">0</subfield>
    <subfield code="1">0</subfield>
    <subfield code="2">ddc</subfield>
    <subfield code="4">0</subfield>
    <subfield code="7">0</subfield>
    <subfield code="8">NFIC</subfield>
    <subfield code="a">RUCL</subfield>
    <subfield code="b">RUCL</subfield>
    <subfield code="c">Stack</subfield>
    <subfield code="d">2020-09-01</subfield>
    <subfield code="e">Author</subfield>
    <subfield code="g">100.00</subfield>
    <subfield code="l">0</subfield>
    <subfield code="o">B 378.198 HAL 2020</subfield>
    <subfield code="r">2020-12-10 00:00:00</subfield>
    <subfield code="t">C-2</subfield>
    <subfield code="w">2020-12-10</subfield>
    <subfield code="y">BK</subfield>
  </datafield>
  <datafield tag="952" ind1=" " ind2=" ">
    <subfield code="0">0</subfield>
    <subfield code="1">0</subfield>
    <subfield code="2">ddc</subfield>
    <subfield code="4">0</subfield>
    <subfield code="7">1</subfield>
    <subfield code="8">NFIC</subfield>
    <subfield code="a">RUCL</subfield>
    <subfield code="b">RUCL</subfield>
    <subfield code="c">Reading</subfield>
    <subfield code="d">2020-09-01</subfield>
    <subfield code="e">Author</subfield>
    <subfield code="g">100.00</subfield>
    <subfield code="l">0</subfield>
    <subfield code="o">B 378.198 HAL 2020</subfield>
    <subfield code="r">2020-12-10 00:00:00</subfield>
    <subfield code="t">C-1</subfield>
    <subfield code="w">2020-12-10</subfield>
    <subfield code="y">BK</subfield>
  </datafield>
</record>
